Balkan Countries Empty Map Quiz - Statistics

General Stats
  • This quiz has been taken 3,001 times
    2,084 since last reset
  • The average score is 11 of 12
Answers on the Map
Answers color-coded by a green-red scale on the quiz's map according to % correct below.
 
Answer Stats
Countries % Correct
Serbia
97%
Albania
96%
Bosnia and Herzegovina
96%
Croatia
96%
Greece
95%
Kosovo
95%
North Macedonia
94%
Bulgaria
93%
Montenegro
93%
Slovenia
90%
Romania
85%
Turkey
79%
No matching quizzes found
Score Distribution
Percent of People with Each Score
Percentile by Number Answered
Your Score History
You have not taken this quiz since the last reset